000 01075nam a2200277 a 4500
001 BRL_337
005 20190320210707.0
008 300713s1986----mx-a#####c---#000-0#spa-#
041 _aspa
044 _amx
050 4 _aN8217
_b.M46 1986
245 1 0 _aMemento Mori
_cinvestigación y coordinación Magda Carranza ... [et al.] ; edición Carlos Méndez Domínguez ; traducción Carmen Corona.
260 _aMéxico
_bFundación Cultural Televisa
_c1986
300 _a77 p.
_bil. (algunas a color)
_c28 cm.
500 _aIncluye biografía de los artistas y catálogo de obra
500 _aCatálogo de la exposición realizada en el Centro Cultural/Arte Contemporáneo, noviembre 1986 - enero 1987
500 _aAu324
650 1 4 _aMuerte en el arte
_vExposiciones
_923594
650 1 4 _aArte mexicano
_vExposiciones
_ySiglo XX
_92618
650 1 4 _aArte moderno
_vExposiciones
_ySiglo XX
_917959
700 1 _aCarranza, Magda
_ecoord.
_923595
700 1 _aMéndez Domínguez, Carlos
_eed.
_923596
700 1 _aCorona, Carmen
_etr.
_96833
902 _aGRL
942 _2lcc
_cB
999 _c9150
_d9150